| 000 | 00548nam a22002057a 4500 | ||
|---|---|---|---|
| 999 |
_c5780 _d5780 |
||
| 003 | GBCCL | ||
| 005 | 20241126110549.0 | ||
| 008 | 180406b ||||| |||| 00| 0 eng d | ||
| 020 | _a817086125x | ||
| 040 | _cgbc | ||
| 082 |
_a251 _bNAI |
||
| 100 |
_aNaismith, A. _910469 |
||
| 245 |
_a1200 Notes quotes and anecdotes / _cA. Naismith |
||
| 250 | _aInd. 2nd Reprint | ||
| 260 |
_aBangalore: _bAsian Trading Corporation, _c1991 |
||
| 300 |
_a236 p.; _c22 cm. |
||
| 650 |
_aQuotations _vEnglish _910470 |
||
| 650 |
_aPreaching _9404 |
||
| 942 |
_2ddc _cBK |
||